Príručná mapa Veľžupy Košickej

Bibliographic Details
Format: Map
Language:Slovak
PhysicalDescription:1 mapa farebná 30 x 41 cm, na liste 31 x 42 cm, zložená na 31 x 21 cm
Subjects:

MARC

LEADER 00000nem a2200000 4500
001 vtls010271756
003 SK-MaSNL
005 20260426005410.0
007 aj ca|||
008 110415q1924 xo adbc a | r slo
015 |a SNBC1924 
034 0 |a a 
040 |a SNK  |b slo  |c SNK  |e rda 
041 0 |a slo 
043 |a e-xo--- 
044 |a xo  |c SK 
072 7 |a 912  |x Mapy. Atlasy  |2 konspekt 
080 |a 35  |2 2011 
080 |a 352/353  |2 2011 
080 |a (437.6)  |2 2011 
080 |a (437.672)  |2 2011 
245 0 0 |a Príručná mapa Veľžupy Košickej 
255 |a Nie je zakreslené v mierke 
264 3 |a Košice  |b "Hermes" lit.  |c [1924?] 
300 |a 1 mapa  |b farebná  |c 30 x 41 cm, na liste 31 x 42 cm, zložená na 31 x 21 cm 
336 |a kartografický obraz  |b cri  |2 rdacontent 
337 |a nesprostredkovaný  |b n  |2 rdamedia 
338 |a list  |b nb  |2 rdacarrier 
650 0 7 |a verejná správa  |2 SNKPH  |9 1538 
650 0 7 |a župy  |2 SNKPH  |9 30635 
650 0 7 |a Public administration  |2 SNKPHeng  |9 266247 
650 0 7 |a Counties  |2 SNKPHeng  |9 192062 
651 7 |a Slovensko  |2 SNKPHgeo  |9 14231 
651 7 |a Slovakia  |2 SNKPHeng  |9 92630 
651 7 |a Košický kraj (Slovensko)  |2 SNKPHgeo  |9 161505 
651 7 |a Košice Region (Slovakia)  |2 SNKPHeng  |9 248614 
655 7 |a školské mapy  |2 SNKPH  |9 70786 
655 7 |a geografické mapy  |2 SNKPH  |9 15153 
655 7 |a Geographic maps  |2 SNKPHeng  |9 298064 
852 |a Slovenská národná knižnica 
954 |a mapy pôvodné (slovenské)  |2 lita 
958 |a OND 
958 |a CRG 
958 |a CRBN 
999 |c 1007148  |d 1009078 
952 |a SNK  |b SNK  |y PREZ  |7 0  |p 17A1436921  |o snkSLCm 33  |i snkK 1220/62  |0 0  |1 0  |4 0  |d 2022-06-02  |l 0  |r 2026-02-24 12:39:58  |w 2026-02-24